| 000 | 01380nam0a22003131 4500 | ||
|---|---|---|---|
| 001 | v19\rc\1686343 | ||
| 005 | 20061002151840.7 | ||
| 035 | _a(NLR Aleph) 004791143 | ||
| 090 |
_a4730501 _c4730501 |
||
| 100 | _a20061002e18961896|||y0rusy50 ca | ||
| 101 | 0 | _arus | |
| 102 | _aRU | ||
| 105 | _ay z ||||| | ||
| 200 | 1 |
_aК этиологии преждевременного отделения детского места при нормальном его положении _dEndometritis decidualis gonorrhoica _fД-р В.Ф. Масловский, прив.-доц. Воен.-мед. акад. _zlat |
|
| 210 |
_aСанкт-Петербург _cС.-Петерб. губ. тип. _d1896 |
||
| 215 |
_a19 с. _d24 |
||
| 309 | _aБез тит. л. | ||
| 311 | _aОтт. из "Журн. акушерства и жен. болезней". Т. 10, июль и авг. 1896 | ||
| 320 | _aБиблиогр. в примеч. | ||
| 488 | 0 | _12001#$aЖурнал акушерства и женских болезней$v1896, т. 10, июль, авг. | |
| 510 | 0 |
_aEndometritis decidualis gonorrhoica _zlat |
|
| 700 | 1 |
_aМасловский _bВ. Ф. _f1853- _gВасилий Федорович |
|
| 801 | 0 |
_aRU _bNLR _gpsbo |
|
| 801 | 0 |
_aRU _bRuMoRGB _2psbo |
|
| 801 | 1 |
_aRU _bProSoft-M _2rusmarc |
|
| 852 |
_aNLR _j20.97.3.259 |
||
| 899 |
_aRuMoRGB _jV 116/1817 |
||
| 942 | _cBOOK | ||
| 980 | _aNB | ||